Economic Decision Analysis

Salvato in:
Dettagli Bibliografici
Autori principali: Fabrycky, Wolter J. (Autore), Thuesen, G.J (Autore), Verma, Dinesh (Autore)
Natura: Libro
Lingua:inglese
Pubblicazione: Upper Saddle River : Prentice Hall, 1998
Edizione:3. vyd.
Soggetti:
Tags: Aggiungi Tag
Nessun Tag, puoi essere il primo ad aggiungerne!!

MARC

LEADER 00000nam a22000003a 4500
001 stu127881
005 20150617225907.8
008 061013s1998----xxu-----------------eng-d
020 |a 0-13-370249-9 
040 |a STU  |b slo 
041 0 |a eng 
044 |a xxu 
080 |a 658.15 
100 1 |a Fabrycky, Wolter J.  |4 aut 
245 1 |a Economic Decision Analysis 
250 |a 3. vyd. 
260 |a Upper Saddle River :  |b Prentice Hall,  |c 1998 
300 |a 384 s 
650 7 |a finančné hospodárstvo  |2 stusub 
650 7 |a finančné hospodárstvo podniku  |2 stusub 
700 1 |a Thuesen, G.J.  |4 aut 
700 1 |a Verma, Dinesh  |4 aut 
996 |b 284J029489  |c J*105989  |l JJK9  |s P  |a 0  |w stu127881_0001